000
00304nam a2200121Ia 4500
008
190216s9999||||xx |||||||||||||| ||und||
100
_a
Alexander V T
245
0
_a
Elements Of Probability And Statistics
260
_b
Prentice Hall India
_c
1967
300
_a
211p
650
_a
Mathematics
942
_c
BK
999
_c
30524
_d
30524